[Event "24th Biel Festival"]
[Site "Biel SUI"]
[Date "1991.07.29"]
[Round "10"]
[White "Gavrikov, Viktor"]
[Black "Shirov, Alexei"]
[Result "1/2-1/2"]
[WhiteElo "2585"]
[BlackElo "2610"]
[EventDate "1991.07.19"]
[PlyCount "110"]

1.d4 Nf6 2.c4 g6 3.Nc3 Bg7 4.e4 d6 5.f3 O-O 6.Be3 c5 7.dxc5 dxc5 8.e5 Nfd7
9.f4 f6 10.exf6 Rxf6 11.Bxc5 Qa5 12.Bf2 Rd6 13.Qc1 Nc5 14.Nf3 Re6+ 15.Be3 
Ne4 16.Ne5 Nc6 17.Bd3 Nxe5 18.fxe5 Nxc3 19.Qxc3 Qxc3+ 20.bxc3 Bxe5 21.Kd2 
Bxc3+ 22.Kxc3 Rxe3 23.Rae1 Rxe1 24.Rxe1 Kf7 25.Be4 Rb8 26.Rb1 b6 27.a4 Be6
28.a5 Rc8 29.axb6 Rxc4+ 30.Kd3 axb6 31.Rxb6 Ra4 32.Ke3 Ra1 33.h4 Re1+ 34.
Kf4 Rh1 35.g3 Rf1+ 36.Kg5 Bf5 37.Bxf5 Rxf5+ 38.Kg4 h5+ 39.Kh3 Rf2 40.g4 
Rf3+ 41.Kg2 Rf4 42.gxh5 gxh5 43.Kg3 e5 44.Ra6 Rf6 45.Ra8 Ke6 46.Rh8 Rf5 
47.Re8+ Kd7 48.Ra8 e4 49.Ra6 Rf3+ 50.Kg2 Rf4 51.Kg3 Rg4+ 52.Kh3 e3 53.Ra1 
Ke6 54.Re1 Re4 55.Kg3 Kf5 1/2-1/2

[Event "24th Biel Festival"]
[Site "Biel SUI"]
[Date "1991.08.01"]
[Round "12"]
[White "Adams, Michael"]
[Black "Gavrikov, Viktor"]
[Result "1/2-1/2"]
[WhiteElo "2615"]
[BlackElo "2585"]
[EventDate "1991.07.19"]
[PlyCount "64"]

1.e4 g6 2.d4 Bg7 3.Nc3 c6 4.Nf3 d6 5.Be3 Nf6 6.Qd2 Qa5 7.Bd3 Ng4 8.Bg5 e5 
9.dxe5 dxe5 10.Bc4 Qc7 11.O-O-O Nd7 12.Kb1 O-O 13.Bb3 Ngf6 14.h4 Nc5 15.h5
Nxb3 16.axb3 Bg4 17.h6 Bh8 18.Qe3 Nh5 19.Qc5 Qb6 20.Qxb6 axb6 21.Na4 f6 
22.Be3 b5 23.Nc5 Rf7 24.b4 Re8 25.Rd6 Bc8 26.Rhd1 f5 27.Ng5 Rfe7 28.exf5 
gxf5 29.f3 Nf6 30.g4 fxg4 31.fxg4 e4 32.Bd4 Nxg4 1/2-1/2